书目信息 |
| 题名: |
时间雕塑-日晷
|
|
| 作者: | 王德昌 编著 | |
| 分册: | ||
| 出版信息: | 合肥 安徽科学技术出版社 2006 |
|
| 页数: | 404页 | |
| 开本: | 28cm | |
| 丛书名: | ||
| 单 册: | ||
| 中图分类: | P111.1 | |
| 科图分类: | ||
| 主题词: | 天文观测--观测设备 , 天文观测--资料 | |
| 电子资源: | ||
| ISBN: | 7-5337-3481-5 | |
| 000 | 00574nam0 2200193 450 | |
| 001 | 0736196517 | |
| 005 | 20070924100316.51 | |
| 010 | @a7-5337-3481-5@d¥148.00 | |
| 100 | @a20070924d km y0chiy0120 ea | |
| 101 | 0 | @achi |
| 200 | 1 | @a时间雕塑-日晷@Ashi jian diao su-ri gui@f王德昌编著@Fwang de chang bian zhu |
| 210 | @a合肥@c安徽科学技术出版社@d2006 | |
| 215 | @a404页@c插图@d28cm | |
| 606 | 0 | @a天文观测@x观测设备 |
| 606 | 0 | @a天文观测@x资料 |
| 690 | @aP111.1@v3 | |
| 701 | 0 | @a王德昌@Awang de chang@4编著 |
| 801 | 0 | @aCN@bPFT@c20070924 |
| 905 | @a213230@dP111.1@eZY22@f1 | |
| 时间雕塑-日晷/王德昌编著.-合肥:安徽科学技术出版社,2006 |
| 404页:插图;28cm |
| ISBN 7-5337-3481-5:¥148.00 |
| ● |
| 相关链接 |
|
|
|
|
正题名:时间雕塑-日晷
索取号:P111.1/ZY22
 
预约/预借
| 序号 | 登录号 | 条形码 | 馆藏地/架位号 | 状态 | 备注 |
| 1 | 7900772 | 279007726 | 资源管理系资料室/ [索取号:P111.1/ZY22] | 在馆 |